[Event "POLFINAL MISTRZOSTW POLSKI JUNIOROW 2019 - C15"]
[Site "Ustron"]
[Date "1899-12-30"]
[Round "4.14"]
[White "Labedz, Dawid"]
[Black "Krasniewski, Szymon"]
[Result "0-1"]
[WhiteTitle "II"]
[BlackTitle "I"]
[WhiteElo "1468"]
[BlackElo "1662"]

1. e4 c5 2. Nf3 e6 3. d4 cxd4 4. Nxd4 Nf6 5. Nc3 Nc6 6. Ndb5 Bb4 7. Bg5 a6 8. Nd6+
Ke7 9. Nc4 b5 10. e5 bxc4 11. exf6+ gxf6 12. Bh4 Ne5 13. Qd4 Qc7 14. f4 Ng4 15.
h3 Bc5 16. Qd2 Ne3 17. Ne4 Bd4 18. Nxf6 Bxf6 19. Bxf6+ Kxf6 20. Qxe3 Bb7 21. Qd4+
Ke7 22. O-O-O d5 23. g4 a5 24. Bg2 Rhd8 25. Rhe1 a4 26. a3 Ra6 27. Qg7 Qxf4+ 28.
Kb1 Qf6 29. Qxf6+ Kxf6 30. Rf1+ Kg7 31. Rf4 Rc8 32. Rdf1 Rc7 33. c3 Bc6 34. R1f2
Be8 35. Rf6 Ra5 36. h4 Rb5 37. h5 h6 38. Bf1 Rcb7 39. Kc1 Rxb2 40. Rxb2 Rxb2 41.
Rxf7+ Bxf7 42. Kxb2 Kf6 43. Kc2 Kg5 44. Be2 e5 45. Kd2 Kf4 46. Bd1 Be8 47. Kc2
Bd7 48. Kd2 d4 49. cxd4 exd4 50. Kc1 c3 51. Bc2 Bxg4 52. Bxa4 Bxh5 53. Bc6 Bf3
54. Bd7 d3 0-1

[Event "POLFINAL MISTRZOSTW POLSKI JUNIOROW 2019 - C15"]
[Site "Ustron"]
[Date "1899-12-30"]
[Round "4.15"]
[White "Kuczmik, Pawel"]
[Black "Kosior, Jan"]
[Result "1/2-1/2"]
[WhiteTitle "II"]
[BlackTitle "II"]
[WhiteElo "1162"]
[BlackElo "1565"]

1. e4 c6 2. Nc3 d5 3. Nf3 Bg4 4. exd5 cxd5 5. Bb5+ Nc6 6. h3 Bxf3 7. Qxf3 e6 8.
O-O Bd6 9. Ne2 a6 10. Bxc6+ bxc6 11. Qc3 Qc7 12. Qxg7 Be5 13. Qg5 Ne7 14. d4 Bd6
15. Bf4 Bxf4 16. Qxf4 Qd7 17. Ng3 h5 18. Qe5 Ng6 19. Qg5 Qe7 20. Qxe7+ Kxe7 21.
f4 Rag8 22. Ne2 Nh4 23. g3 Rg7 24. Kf2 Nf5 25. Rg1 Rhg8 26. Rg2 Nd6 27. b3 Ne4+
28. Kf3 f5 29. h4 Nd2+ 30. Ke3 Ne4 31. Rag1 Kf6 32. Kd3 a5 33. c3 Kf7 34. c4 Kf6
35. c5 Kf7 36. Kc2 Ke7 37. Kb2 Kd8 38. Rd1 Rg4 39. Rdg1 Nd2 40. Rf2 1/2-1/2

[Event "POLFINAL MISTRZOSTW POLSKI JUNIOROW 2019 - C15"]
[Site "Ustron"]
[Date "1899-12-30"]
[Round "4.16"]
[White "Kozubek, Krystian"]
[Black "Mocko, Maciej"]
[Result "1-0"]
[WhiteTitle "II+"]
[BlackTitle "II"]
[WhiteElo "1545"]
[BlackElo "1459"]

1. c4 f5 2. Nc3 Nf6 3. g3 g6 4. Bg2 Bg7 5. d4 d6 6. Qb3 c6 7. d5 cxd5 8. Nxd5 Nc6
9. e3 O-O 10. Ne2 Kh8 11. O-O e5 12. Nxf6 Bxf6 13. Bd2 Qc7 14. Qc2 a5 15. Rfd1
Be6 16. Bd5 Nd8 17. Bxe6 Nxe6 18. Rac1 Rfc8 19. e4 Ng7 20. Qd3 Qc6 21. Bh6 Ra6
22. Bxg7+ Bxg7 23. exf5 gxf5 24. Qxf5 Rf8 25. Qd3 e4 26. Qc2 Qc5 27. Nc3 e3 28.
Ne4 exf2+ 29. Nxf2 Bh6 30. Qc3+ Kg8 31. Rc2 Be3 32. Rf1 Rf3 33. Qe1 d5 34. Qd1
Rxf2 35. Rfxf2 Bxf2+ 36. Rxf2 Qxc4 37. Qf3 Ra8 38. Qf7+ Kh8 39. Qf6+ Kg8 40. Rf5
Qc1+ 41. Kg2 h6 42. Qe6+ Kh8 43. Qe5+ Kg8 44. Qe6+ Kh8 45. Qf6+ Kh7 46. Rxd5 Qc6
47. Qf7+ Kh8 48. Kh3 Qc8+ 49. Rd7 Qg8 50. Qf6+ 1-0

[Event "POLFINAL MISTRZOSTW POLSKI JUNIOROW 2019 - C15"]
[Site "Ustron"]
[Date "1899-12-30"]
[Round "4.17"]
[White "Zurawski, Mateusz"]
[Black "Zakrzewicz, Kacper"]
[Result "1-0"]
[WhiteTitle "II"]
[BlackTitle "II"]
[WhiteElo "1522"]
[BlackElo "1394"]

1. e4 c6 2. Nf3 d5 3. Nc3 Bg4 4. h3 Bxf3 5. Qxf3 d4 6. Ne2 e5 7. Ng3 Nd7 8. Bc4
Ngf6 9. Qb3 Nc5 10. Bxf7+ Kd7 11. Qf3 Bd6 12. d3 Rf8 13. Bb3 Nxb3 14. axb3 Bb4+
15. Bd2 Bxd2+ 16. Kxd2 Nxe4+ 17. Qxe4 Qg5+ 18. Ke1 Rf4 19. Qe2 Raf8 20. Rf1 a6
21. Ne4 Qe7 22. Qd2 h6 23. Ra4 Kc7 24. Qa5+ Kc8 25. Qb4 Qxb4+ 26. Rxb4 b5 27.
g3 Rxe4+ 28. dxe4 c5 29. Rxd4 cxd4 30. f4 exf4 31. Rxf4 Re8 32. Ke2 g5 33. Rg4
Re5 34. h4 Rc5 35. Kd3 a5 36. Kxd4 Rxc2 37. hxg5 h5 38. Rh4 Rg2 39. g4 hxg4 40.
g6 Rd2+ 41. Ke3 Rd1 1-0

[Event "POLFINAL MISTRZOSTW POLSKI JUNIOROW 2019 - C15"]
[Site "Ustron"]
[Date "1899-12-30"]
[Round "4.18"]
[White "Wleklik, Mateusz"]
[Black "Zielinski, Sebastian"]
[Result "0-1"]
[WhiteTitle "II"]
[BlackTitle "II+"]
[WhiteElo "1259"]
[BlackElo "1517"]

1. e4 e6 2. d4 d5 3. e5 c5 4. c3 Nc6 5. Nf3 Qb6 6. a3 a5 7. b3 Bd7 8. Be3 cxd4
9. cxd4 Nge7 10. Bd3 Nf5 11. Bxf5 exf5 12. O-O h6 13. Nc3 Be6 14. Na4 Qd8 15.
Bd2 g5 16. Ne1 Rc8 17. Nc2 f4 18. b4 b5 19. Nc5 Bxc5 20. bxc5 Bf5 21. Bc3 h5 22.
g3 Qd7 23. Ne1 h4 24. Nf3 Bg4 25. Qd3 hxg3 26. fxg3 fxg3 27. hxg3 Bf5 28. Qe3
Be4 29. Nh2 Qh3 30. Ra2 Ne7 31. Qxg5 Rg8 32. Qf4 Rxg3+ 33. Kf2 Rg2+ 34. Ke1 Qxc3+
35. Kd1 Bc2+ 36. Kc1 Bb3+ 37. Kb1 Bxa2# 0-1

[Event "POLFINAL MISTRZOSTW POLSKI JUNIOROW 2019 - C15"]
[Site "Ustron"]
[Date "1899-12-30"]
[Round "4.20"]
[White "Kukorowski, Wojciech"]
[Black "Sloniec, Adrian"]
[Result "1-0"]
[WhiteTitle "II"]
[BlackTitle "II"]
[WhiteElo "1371"]
[BlackElo "1383"]

1. e4 c5 2. Nf3 e6 3. d4 cxd4 4. Nxd4 Nf6 5. Nc3 d6 6. Be3 a6 7. Be2 Nc6 8. O-O
Be7 9. f4 Qc7 10. Qd2 b5 11. a3 O-O 12. Bf3 e5 13. Nde2 Bb7 14. Ng3 Na5 15. b3
Rac8 16. Nd5 Nxd5 17. exd5 f5 18. fxe5 dxe5 19. d6 Bxd6 20. Bxb7 Nxb7 21. Nxf5
Kh8 22. Nxd6 Nxd6 23. Rxf8+ Rxf8 24. Rd1 Ne4 25. Qb4 Rf4 26. Bxf4 Qb6+ 27. Rd4
Qxd4+ 28. Qxd4 exd4 29. Be5 d3 30. cxd3 Nc5 31. d4 Nxb3 32. d5 Nc5 33. Kf1 Kg8
34. Ke2 Kf7 35. Ke3 g6 36. Bh8 Ke7 37. Kd4 Nd7 38. Bg7 Kd6 39. Bh6 Ke7 40. Bg5+
Kd6 41. g3 Kc7 42. Be7 Kb7 43. h4 Kc7 44. g4 Nb6 45. Kc5 Nd7+ 46. Kd4 Nb6 47.
Ke5 Kd7 48. Bc5 Nc4+ 49. Kf6 a5 50. Kg7 Ke8 51. Kxh7 Kf7 52. h5 gxh5 53. gxh5
Ne5 54. Kh6 Nd7 55. Bd4 b4 56. axb4 axb4 57. Kg5 b3 58. Kf5 Nc5 59. h6 Kg8 60.
Kg6 b2 61. h7+ 1-0

[Event "POLFINAL MISTRZOSTW POLSKI JUNIOROW 2019 - C15"]
[Site "Ustron"]
[Date "1899-12-30"]
[Round "4.21"]
[White "Gardian, Adam"]
[Black "Szafranski, Maciej"]
[Result "1-0"]
[WhiteTitle "I"]
[BlackTitle "II+"]
[WhiteElo "1835"]
[BlackElo "1412"]

1. Nf3 Nf6 2. e3 e6 3. b3 d5 4. Bb2 Be7 5. c4 c6 6. Nc3 Nbd7 7. d4 b6 8. Be2 Bb7
9. O-O O-O 10. Rc1 Rc8 11. Qd3 Ba6 12. Qb1 Bb7 13. e4 dxe4 14. Nxe4 Nxe4 15. Qxe4
Nf6 16. Qe3 c5 17. Rfd1 Qc7 18. h3 Rfd8 19. Rd2 Ne4 20. Rd3 cxd4 21. Bxd4 Bc5
22. Rcd1 Bxd4 23. Rxd4 Nf6 24. Ne5 h6 25. Qf4 Rxd4 26. Qxd4 Qc5 27. Qxc5 Rxc5
28. Rd8+ Kh7 29. Nxf7 Be4 30. f4 Kg6 31. Ne5+ Kf5 32. g3 Ra5 33. Bg4+ Nxg4 34.
hxg4+ Kf6 35. Rd7 Bg6 36. a4 Be8 37. Rc7 g5 38. Rh7 gxf4 39. gxf4 h5 40. Rh6+
1-0

[Event "POLFINAL MISTRZOSTW POLSKI JUNIOROW 2019 - C15"]
[Site "Ustron"]
[Date "1899-12-30"]
[Round "4.22"]
[White "Komisarski, Jerzy"]
[Black "Kitewski, Bartosz"]
[Result "0-1"]
[WhiteTitle "II"]
[BlackTitle "I"]
[WhiteElo "1251"]
[BlackElo "1674"]

1. e4 e6 2. d4 d5 3. Bd3 c5 4. exd5 exd5 5. Nf3 Nc6 6. O-O c4 7. Be2 Nf6 8. b3
cxb3 9. axb3 Be7 10. c4 O-O 11. Nc3 Bg4 12. Ne5 Bb4 13. Nxd5 Nxd5 14. Bxg4 Nc3
15. Nxc6 bxc6 16. Qd3 Qh4 17. Bd2 Bd6 18. f4 Qxg4 19. Qxc3 Be7 20. Qf3 Qd7 21.
Bc3 Bf6 22. Rfd1 Qb7 23. b4 Qc7 24. Ra6 Rfc8 25. Rda1 Qd7 26. Qf2 c5 27. bxc5
Rxc5 28. Qb2 Rxc4 29. Rxa7 Rxa7 30. Qb8+ Rc8 31. Rxa7 Bxd4+ 32. Kf1 Bxa7 33. Qe5
Rxc3 34. Qxc3 Qd1+ 35. Qe1 Qxe1+ 36. Kxe1 f5 37. Ke2 Kf7 38. Kf3 h5 39. h3 g6
40. Kg3 Kf6 41. Kh4 Bf2+ 42. g3 Be3 43. g4 Bf2# 0-1

[Event "POLFINAL MISTRZOSTW POLSKI JUNIOROW 2019 - C15"]
[Site "Ustron"]
[Date "1899-12-30"]
[Round "5.1"]
[White "Majewski, Krzysztof"]
[Black "Wasik, Mateusz"]
[Result "1/2-1/2"]
[WhiteTitle "I"]
[BlackTitle "I"]
[WhiteElo "1800"]
[BlackElo "1696"]

1. e4 c5 2. d4 cxd4 3. c3 d3 4. Bxd3 Nc6 5. Nf3 d6 6. h3 g6 7. c4 Bg7 8. Nc3 Nf6
9. O-O O-O 10. Be3 b6 11. Rc1 Bb7 12. Nd4 Nd7 13. Nxc6 Bxc6 14. f3 a5 15. Be2
Nc5 16. Qd2 Ne6 17. b3 f5 18. Nd5 Nc5 19. exf5 gxf5 20. Nf4 e5 21. Nd5 f4 22.
Bxc5 bxc5 23. Rcd1 Rf7 24. Nc3 Bf8 25. Bd3 Rg7 26. Be4 Bxe4 27. Nxe4 Ra6 28. Kh1
Qh4 29. Qd5+ Kh8 30. Qe6 Raa7 31. Qf6 Qxf6 32. Nxf6 Rg6 33. Ne4 Kg7 34. Rf2 Be7
35. Rfd2 Ra6 36. Nc3 Kf7 37. Kg1 Bd8 38. Kf1 Bh4 39. Rd3 Ke7 40. Nd5+ Kd7 41.
Nc3 Kc7 42. Rd5 Kc6 43. R1d2 Ra8 44. Nb5 Be7 45. Nc3 h5 46. Rd1 1/2-1/2

[Event "POLFINAL MISTRZOSTW POLSKI JUNIOROW 2019 - C15"]
[Site "Ustron"]
[Date "1899-12-30"]
[Round "5.2"]
[White "Haliniak, Wojciech"]
[Black "Topola, Rafal"]
[Result "1/2-1/2"]
[WhiteTitle "I"]
[BlackTitle "I"]
[WhiteElo "1756"]
[BlackElo "1659"]

1. e4 c6 2. d4 d5 3. e5 Bf5 4. Nf3 e6 5. Be2 c5 6. c4 dxc4 7. Bxc4 Nc6 8. Bb5 Bxb1
9. Bxc6+ bxc6 10. Rxb1 cxd4 11. Qxd4 Qxd4 12. Nxd4 Bb4+ 13. Ke2 Ne7 14. Bg5 Bc5
15. Rhd1 Bxd4 16. Rxd4 Nd5 17. Rc1 Kd7 18. Be3 Rab8 19. b3 Rb5 20. Ra4 Ra8 21.
f4 Nxe3 22. Kxe3 a6 23. Rd4+ Rd5 24. Rb4 Rc8 25. Rb7+ Rc7 26. Rb6 Ra5 27. Rd1+
Kc8 28. a4 c5 29. Rc1 c4 30. bxc4 Rxa4 31. c5 a5 32. c6 Ra7 33. Rcb1 Rb4 34. R1xb4
axb4 35. Rxb4 Kc7 36. Rb7+ Rxb7 37. cxb7 Kxb7 38. Kd4 Kc6 39. g4 h6 40. Kc4 g6
1/2-1/2

[Event "POLFINAL MISTRZOSTW POLSKI JUNIOROW 2019 - C15"]
[Site "Ustron"]
[Date "1899-12-30"]
[Round "5.3"]
[White "Jedrusik, Adam"]
[Black "Dalkowski, Rafal"]
[Result "1/2-1/2"]
[WhiteTitle "I"]
[BlackTitle "II+"]
[WhiteElo "1743"]
[BlackElo "1787"]

1. d4 Nf6 2. Bg5 e6 3. e3 d5 4. Bd3 Bd6 5. Nf3 O-O 6. O-O Nbd7 7. Nbd2 c5 8. c3
c4 9. Bc2 b5 10. a3 a5 11. Qe2 Bb7 12. Bxf6 Nxf6 13. Ne5 Ne4 14. f4 f5 15. Bxe4
fxe4 16. Rf2 Qe7 17. h3 Rf6 18. Nf1 Raf8 19. Ng3 g6 20. Raf1 Bxe5 21. fxe5 Rxf2
22. Rxf2 Rxf2 23. Qxf2 Qf7 24. Ne2 Qxf2+ 25. Kxf2 a4 26. Nc1 Bc8 27. Na2 Kg7 28.
Nb4 Bb7 29. h4 h6 30. Kg3 Kf7 31. Kg4 Kg7 32. Na2 Bc8 33. Nc1 Bd7 34. Ne2 Be8
35. Nf4 Bf7 1/2-1/2

[Event "POLFINAL MISTRZOSTW POLSKI JUNIOROW 2019 - C15"]
[Site "Ustron"]
[Date "1899-12-30"]
[Round "5.4"]
[White "Jozefczyk, Szymon"]
[Black "Strepikowski, Pawel"]
[Result "1/2-1/2"]
[WhiteTitle "II"]
[BlackTitle "I"]
[WhiteElo "1616"]
[BlackElo "1649"]

1. e4 d6 2. d4 Nf6 3. Nc3 g6 4. f4 Bg7 5. Nf3 O-O 6. Be3 c6 7. Bd3 Nbd7 8. Qd2
e5 9. h3 Qa5 10. Ne2 Qxd2+ 11. Nxd2 Re8 12. g4 h6 13. O-O-O b5 14. Rde1 Bb7 15.
Ng3 a6 16. dxe5 dxe5 17. f5 c5 18. c4 g5 19. Be2 b4 20. h4 Nh7 21. hxg5 Nxg5 22.
Bxg5 hxg5 23. Nh5 Nf6 24. Nxf6+ Bxf6 25. Rh5 Red8 26. Kc2 Rd4 27. Bd3 Rad8 28.
Re3 Bc6 29. b3 a5 30. Rhh3 a4 31. Kb2 1/2-1/2

[Event "POLFINAL MISTRZOSTW POLSKI JUNIOROW 2019 - C15"]
[Site "Ustron"]
[Date "1899-12-30"]
[Round "5.5"]
[White "Budzisz, Adrian"]
[Black "Kossowski, Pawel"]
[Result "1/2-1/2"]
[WhiteTitle "I"]
[BlackTitle "II+"]
[WhiteElo "1842"]
[BlackElo "1541"]

1. e4 e5 2. Nf3 Nc6 3. Bc4 Bc5 4. c3 Nf6 5. d3 a6 6. Bb3 d6 7. Nbd2 O-O 8. O-O
Ba7 9. h3 h6 10. Re1 Nh5 11. Nf1 Qf6 12. Be3 Nf4 13. Bxf4 Qxf4 14. Ne3 Be6 15.
d4 exd4 16. Nf5 Ne5 17. N3xd4 Bxf5 18. exf5 Bxd4 19. cxd4 Nc6 20. d5 Ne5 21. Qc1
Qxc1 22. Rexc1 Rac8 23. Rc3 c5 24. dxc6 Rxc6 25. Rxc6 bxc6 26. Rc1 Rc8 27. Rc3
c5 28. Bd5 Rb8 29. f4 Nd7 30. b3 Nf6 31. Bf3 Rb4 32. Rd3 Rb6 33. g4 Kf8 34. g5
hxg5 35. fxg5 Nd7 36. Bd5 Ne5 37. Rc3 Rb4 38. Bc4 a5 39. Kf2 g6 40. fxg6 fxg6
41. Ke3 Nxc4+ 42. Rxc4 Rb7 43. Ke4 Ke7 44. Kd5 Rb4 45. h4 Kd7 1/2-1/2

[Event "POLFINAL MISTRZOSTW POLSKI JUNIOROW 2019 - C15"]
[Site "Ustron"]
[Date "1899-12-30"]
[Round "5.6"]
[White "Kietrys, Maciej"]
[Black "Nowak, Maciej"]
[Result "1-0"]
[WhiteTitle "I"]
[BlackTitle "II"]
[WhiteElo "1656"]
[BlackElo "1564"]

1. e4 c6 2. d4 d5 3. Nd2 dxe4 4. Nxe4 Nd7 5. Bd3 Ngf6 6. Nxf6+ Nxf6 7. c3 Qc7 8.
Ne2 e6 9. Bf4 Bd6 10. Bxd6 Qxd6 11. Qc2 Bd7 12. O-O-O O-O-O 13. f3 g6 14. Kb1
Nd5 15. Qd2 Rhe8 16. Ng3 f5 17. c4 Nf4 18. Bc2 e5 19. Qf2 Qb4 20. dxe5 Qxc4 21.
Qxa7 Rxe5 22. Rd4 Qe6 23. Rhd1 Nd5 24. Bb3 Be8 25. f4 Re1 26. Qa8+ Kc7 27. Qa5+
Kc8 28. Qxe1 Qf7 29. Bxd5 cxd5 30. Qe5 Bc6 31. Rc1 Qd7 32. Re1 Bb5 33. Qe6 Qxe6
34. Rxe6 Rd7 35. Re5 Bc6 36. Ne2 Kc7 37. Nc3 Kb8 38. Kc2 b5 39. Nxd5 1-0

[Event "POLFINAL MISTRZOSTW POLSKI JUNIOROW 2019 - C15"]
[Site "Ustron"]
[Date "1899-12-30"]
[Round "5.7"]
[White "Gradalski, Olaf"]
[Black "Lenart, Jakub"]
[Result "1-0"]
[WhiteTitle "II"]
[BlackTitle "I"]
[WhiteElo "1542"]
[BlackElo "1629"]

1. e4 c5 2. c3 d5 3. exd5 Qxd5 4. d4 e6 5. Nf3 Nc6 6. Be2 Nf6 7. O-O Be7 8. Na3
O-O 9. Nc2 b6 10. Bg5 h6 11. Ne3 Qd8 12. Bh4 Bb7 13. dxc5 bxc5 14. Nc4 Nd5 15.
Bg3 f5 16. Qb3 Qc8 17. Nd6 Bxd6 18. Bxd6 Rf6 19. c4 Nde7 20. Bxc5 Ng6 21. Bd6
e5 22. c5+ Kh8 23. Rfd1 Nf4 24. Bf1 Rg6 25. g3 Ba6 26. Nxe5 Nxe5 27. Bxe5 Bxf1
28. Kxf1 Qa6+ 29. Kg1 Nh3+ 30. Kg2 Ng5 31. h4 Ne4 32. Qd5 Re8 33. Bf4 Qe2 34.
Rf1 Qg4 35. h5 Qxh5 36. Rh1 Qg4 37. Qf7 Ree6 38. Rad1 Nf6 39. Rd8+ Kh7 40. Qxe6
Qxf4 41. Qe3 Qc7 42. Rhd1 Ne4 43. R1d5 Qc6 44. Qf3 Qc7 45. Qxf5 Nf6 46. R5d6 Qb7+
47. c6 Qxb2 48. Rxf6 Qxf6 49. Qxf6 Rxf6 50. c7 1-0

[Event "POLFINAL MISTRZOSTW POLSKI JUNIOROW 2019 - C15"]
[Site "Ustron"]
[Date "1899-12-30"]
[Round "5.8"]
[White "Kopczynski, Alan"]
[Black "Kotula, Pawel"]
[Result "0-1"]
[WhiteTitle "II+"]
[BlackTitle "I"]
[WhiteElo "1501"]
[BlackElo "1619"]

1. e4 c5 2. Nf3 e6 3. d4 cxd4 4. Nxd4 Nf6 5. Nc3 Nc6 6. Be3 Bb4 7. Nxc6 bxc6 8.
Bd3 d5 9. e5 d4 10. exf6 dxe3 11. fxg7 exf2+ 12. Kf1 Rg8 13. Qf3 Rxg7 14. Ne4
f5 15. Nxf2 Bb7 16. Rg1 Qf6 17. c3 Be7 18. Re1 Rd8 19. Qe2 Rd6 20. Bc4 c5 21.
h3 Qg5 22. Nd3 Bc6 23. Bxe6 Be4 24. Bc4 Rxd3 25. Bxd3 Qf4+ 26. Qf2 Bxd3+ 0-1

[Event "POLFINAL MISTRZOSTW POLSKI JUNIOROW 2019 - C15"]
[Site "Ustron"]
[Date "1899-12-30"]
[Round "5.9"]
[White "Skawinski, Szymon"]
[Black "Wieczorek, Karol"]
[Result "1-0"]
[WhiteTitle "I"]
[BlackTitle "I"]
[WhiteElo "1715"]
[BlackElo "1549"]

1. e4 d6 2. d4 Nf6 3. Nc3 e5 4. dxe5 dxe5 5. Qxd8+ Kxd8 6. Bc4 Be6 7. Bxe6 fxe6
8. Be3 Bb4 9. O-O-O Nbd7 10. f3 Ke7 11. Nh3 h6 12. Nf2 Bxc3 13. bxc3 b6 14. Nd3
c5 15. Rhe1 Rad8 16. g4 g5 17. Kb2 Ne8 18. c4 Nd6 19. Kb3 Nf7 20. a4 a5 21. Bf2
Kf6 22. h4 Kg6 23. Bg3 Kf6 24. Rh1 Nb8 25. Rd2 Nc6 26. Rdh2 Rde8 27. Kc3 Nb4 28.
hxg5+ Kxg5 29. Rh5+ Kg6 30. Nxe5+ Nxe5 31. Bxe5 Rh7 32. f4 Nc6 33. Bd6 Rd8 34.
e5 Nd4 35. R1h2 Rdh8 36. Kd3 Rf7 37. Rf2 Rd7 38. Rfh2 Rf7 39. Ke3 Nc6 40. g5 Rfh7
41. Rxh6+ Rxh6 42. Rxh6+ Rxh6 43. gxh6 Kxh6 44. Bc7 Nd4 45. Bxb6 Nxc2+ 46. Ke4
Na3 47. Kd3 1-0

[Event "POLFINAL MISTRZOSTW POLSKI JUNIOROW 2019 - C15"]
[Site "Ustron"]
[Date "1899-12-30"]
[Round "5.10"]
[White "Krasniewski, Szymon"]
[Black "Zurawski, Mateusz"]
[Result "1-0"]
[WhiteTitle "I"]
[BlackTitle "II"]
[WhiteElo "1662"]
[BlackElo "1522"]

1. e4 e6 2. d4 d5 3. Nd2 Nf6 4. e5 Nfd7 5. Bd3 c5 6. c3 Nc6 7. Ne2 cxd4 8. cxd4
f6 9. exf6 Nxf6 10. Nf3 Bd6 11. O-O O-O 12. Bg5 Qc7 13. Bh4 Nh5 14. Nc3 a6 15.
Re1 g6 16. Rc1 Bf4 17. Rc2 Qg7 18. Ne2 Bd6 19. a3 Bd7 20. Rc1 h6 21. Bg3 Nxg3
22. hxg3 g5 23. Qd2 Rf7 24. Bb1 Raf8 25. Rf1 Be8 26. Rce1 Rf6 27. Nh2 Bh5 28.
g4 Bxh2+ 29. Kxh2 Bxg4 30. f3 Bh5 31. Ng3 Bg6 32. Kg1 Qc7 33. Nh1 Bxb1 34. Rxb1
Qb6 35. Rbd1 Rf4 36. Qe3 Nxd4 37. Rfe1 Qb3 38. Qxb3 Nxb3 39. Rxe6 Rd8 40. Rxh6
Kg7 41. Rb6 Na5 42. b4 Nc4 43. Rxb7+ Kf6 44. Ng3 Ke5 45. Ne2 Rh4 46. g3 Rh6 47.
Nd4 Nxa3 48. Re7+ Kd6 49. Nf5+ 1-0

[Event "POLFINAL MISTRZOSTW POLSKI JUNIOROW 2019 - C15"]
[Site "Ustron"]
[Date "1899-12-30"]
[Round "5.11"]
[White "Werner, Kacper"]
[Black "Zielinski, Sebastian"]
[Result "0-1"]
[WhiteTitle "II"]
[BlackTitle "II+"]
[WhiteElo "1573"]
[BlackElo "1517"]

1. e4 e6 2. d4 d5 3. Nc3 Bb4 4. exd5 exd5 5. Bd3 Nf6 6. Bg5 O-O 7. Nge2 c6 8. O-O
Bg4 9. f3 Bh5 10. Ng3 Bg6 11. Bf4 Bd6 12. Bxd6 Qxd6 13. Bxg6 hxg6 14. a3 Nbd7
15. Qd2 Rfe8 16. Nce2 Nb6 17. b3 Nbd7 18. a4 Nf8 19. Nf4 Ne6 20. Nd3 Nxd4 21.
Rfe1 b6 22. a5 Nd7 23. axb6 axb6 24. Rxe8+ Rxe8 25. Ra6 Nc5 26. Ra7 Nxd3 27. Qxd3
Qc5 28. Kf1 Nxc2 29. Ne2 Ne3+ 30. Kf2 Ng4+ 31. Kg3 Qf2+ 32. Kxg4 Rxe2 33. g3 Qxh2
34. Ra8+ Kh7 35. Kf4 Qh6+ 0-1

[Event "POLFINAL MISTRZOSTW POLSKI JUNIOROW 2019 - C15"]
[Site "Ustron"]
[Date "1899-12-30"]
[Round "5.12"]
[White "Czarniecki, Pawel"]
[Black "Celebias, Filip"]
[Result "1/2-1/2"]
[WhiteTitle "II+"]
[BlackTitle "II"]
[WhiteElo "1561"]
[BlackElo "1470"]

1. e4 c5 2. Nf3 e6 3. d4 cxd4 4. Nxd4 a6 5. c4 Nf6 6. Nc3 Bb4 7. Qc2 Nc6 8. Nxc6
dxc6 9. e5 Nd7 10. f4 b6 11. Be3 Bb7 12. O-O-O Bxc3 13. Qxc3 c5 14. Rd6 Qc7 15.
Bd3 O-O-O 16. Rd1 h5 17. Qc2 Nb8 18. Be4 Nc6 19. Qa4 Ne7 20. Qc2 Nc6 21. g4 hxg4
22. Qg2 Na5 23. b3 Rxd6 24. Rxd6 Rd8 25. Bxb7+ Qxb7 26. Rxd8+ Kxd8 27. Qxg4 Qe4
28. Qd1+ Ke8 29. Qd2 Nc6 30. a3 Ne7 31. Kb2 Ng6 32. Qf2 Ne7 1/2-1/2

[Event "POLFINAL MISTRZOSTW POLSKI JUNIOROW 2019 - C15"]
[Site "Ustron"]
[Date "1899-12-30"]
[Round "5.13"]
[White "Pieczulis, Blazej"]
[Black "Kozubek, Krystian"]
[Result "1-0"]
[WhiteTitle "I"]
[BlackTitle "II+"]
[WhiteElo "1443"]
[BlackElo "1545"]

1. d4 d5 2. Nf3 Nf6 3. c4 e6 4. Nc3 Be7 5. Bg5 h6 6. Bh4 c6 7. e3 Nbd7 8. cxd5
exd5 9. Bd3 Nh5 10. Bxe7 Qxe7 11. O-O Nhf6 12. Re1 O-O 13. e4 dxe4 14. Nxe4 Nxe4
15. Bxe4 Qb4 16. Qc2 Nf6 17. a3 Qd6 18. Rad1 Be6 19. Ne5 Rad8 20. Bf5 Rfe8 21.
b4 Nd7 22. Nxd7 Bxf5 23. Rxe8+ Rxe8 24. Qxf5 Qxd4 25. Qb1 Qf4 26. Nc5 g6 27. Qd3
Qe5 28. h3 b6 29. Na4 b5 30. Nc5 Qb2 31. Ne4 Qe5 32. Ng3 h5 33. Nf1 Re6 34. Qd8+
Re8 35. Qd7 Re6 36. Qxa7 Rf6 37. Qd4 Qf5 38. Ng3 Qe6 39. Qc3 Qe7 40. Qd3 Qe5 41.
Qd8+ Kh7 42. Qd4 Qe7 43. Qd2 h4 44. Re1 Qc7 45. Ne4 Rf5 46. Ng5+ Kg7 47. Qd4+
Kh6 48. Qxh4+ Kg7 49. Re8 1-0

[Event "POLFINAL MISTRZOSTW POLSKI JUNIOROW 2019 - C15"]
[Site "Ustron"]
[Date "1899-12-30"]
[Round "5.14"]
[White "Malik, Maciej"]
[Black "Jedrzejczak, Michal"]
[Result "1/2-1/2"]
[WhiteTitle "I"]
[BlackTitle "II"]
[WhiteElo "1522"]
[BlackElo "1434"]

1. d4 Nf6 2. b3 g6 3. Bb2 Bg7 4. e3 O-O 5. Nf3 d6 6. Bd3 Nc6 7. Nbd2 e5 8. dxe5
Ng4 9. O-O Ngxe5 10. Nxe5 Nxe5 11. Bxe5 dxe5 12. e4 Qe7 13. Qe2 b6 14. Rad1 a5
15. a4 Bb7 16. Nb1 Bh6 17. Bc4 Rad8 18. Nc3 c6 19. Qf3 Bc8 20. Qe2 Qg5 21. f3
Rd2 22. Rxd2 Qxd2 23. Qxd2 Bxd2 24. Nb1 Be3+ 25. Kh1 Rd8 26. Bd3 Be6 27. Rd1 Bd4
28. Be2 Rb8 29. Na3 Bc5 30. Nc4 Bxc4 31. bxc4 Bd4 32. g3 1/2-1/2

[Event "POLFINAL MISTRZOSTW POLSKI JUNIOROW 2019 - C15"]
[Site "Ustron"]
[Date "1899-12-30"]
[Round "5.15"]
[White "Kopestynski, Michal"]
[Black "Gardian, Adam"]
[Result "0-1"]
[WhiteTitle "II"]
[BlackTitle "I"]
[WhiteElo "1248"]
[BlackElo "1835"]

1. e4 Nf6 2. e5 Nd5 3. c4 Nb6 4. d4 d6 5. exd6 cxd6 6. Nc3 g6 7. Nf3 Bg4 8. Be3
Bg7 9. Be2 O-O 10. b3 Nc6 11. O-O d5 12. c5 Nc8 13. h3 Bxf3 14. Bxf3 e6 15. a3
N8e7 16. b4 Nf5 17. Ne2 Qf6 18. b5 Ncxd4 19. Bxd4 Nxd4 20. Nxd4 Qxd4 21. Qxd4
Bxd4 22. c6 Bxa1 23. Rxa1 bxc6 24. bxc6 Rfc8 25. Rc1 Rab8 26. Be2 Rc7 27. a4 Rb6
28. Bb5 a6 0-1

[Event "POLFINAL MISTRZOSTW POLSKI JUNIOROW 2019 - C15"]
[Site "Ustron"]
[Date "1899-12-30"]
[Round "5.16"]
[White "Kitewski, Bartosz"]
[Black "Kukorowski, Wojciech"]
[Result "1/2-1/2"]
[WhiteTitle "I"]
[BlackTitle "II"]
[WhiteElo "1674"]
[BlackElo "1371"]

1. d4 Nf6 2. c4 g6 3. Nc3 d5 4. Bg5 c6 5. e3 Bg7 6. Nf3 O-O 7. Be2 h6 8. Bxf6 Bxf6
9. cxd5 cxd5 10. O-O Nc6 11. Rc1 e6 12. Qd2 Bd7 13. e4 Qa5 14. e5 Bg7 15. h4 h5
16. Ng5 Bh6 17. g4 hxg4 18. Kg2 Qd8 19. Bxg4 Kg7 20. Qf4 Bxg5 21. hxg5 Rh8 22.
Rh1 Qe7 23. Nb5 Rxh1 24. Rxh1 Rh8 25. Rxh8 Kxh8 26. Nd6 Kg8 27. Nxb7 Nb4 28. a3
Nd3 29. Qd2 Bb5 30. Nd6 Ba6 31. Kg3 Bc4 32. b3 Ba6 33. Be2 Nxe5 34. dxe5 Bxe2
35. Qxe2 Qxg5+ 36. Kh3 Qh6+ 37. Kg3 Qg5+ 38. Qg4 Qxe5+ 39. Qf4 Qc3+ 40. Kg4 f5+
41. Kg5 Kg7 42. Ne8+ Kf7 43. Qc7+ Qxc7 44. Nxc7 d4 45. Nb5 d3 46. Nd6+ Ke7 47.
Nc4 e5 48. Kxg6 Ke6 49. Kg5 f4 50. f3 Kd5 51. Kf5 Kd4 52. Nd2 Ke3 53. Nc4+ Kd4
54. a4 a5 55. Nd2 Ke3 56. Nc4+ Kd4 57. Nd2 Ke3 58. Nc4+ Kxf3 59. Kxe5 Ke2 60.
Kxf4 d2 61. Nb2 d1=Q 62. Nxd1 Kxd1 63. Ke3 Kc2 64. Kd4 Kxb3 65. Kd3 Kxa4 66. Kc2
1/2-1/2

[Event "POLFINAL MISTRZOSTW POLSKI JUNIOROW 2019 - C15"]
[Site "Ustron"]
[Date "1899-12-30"]
[Round "5.17"]
[White "Owoc, Jakub"]
[Black "Kuczmik, Pawel"]
[Result "1-0"]
[WhiteTitle "I"]
[BlackTitle "II"]
[WhiteElo "1668"]
[BlackElo "1162"]

1. d4 Nf6 2. c4 e6 3. Nc3 Bb4 4. Bg5 h6 5. Bh4 g5 6. Bg3 Ne4 7. Qd3 Bxc3+ 8. bxc3
Nxg3 9. hxg3 c5 10. d5 e5 11. e4 d6 12. Be2 Bd7 13. Nf3 Na6 14. Qe3 f6 15. Nd2
Nc7 16. Bh5+ Ke7 17. Be2 Ne8 18. f3 Ng7 19. f4 Qc7 20. Kf2 g4 21. fxe5 fxe5 22.
Rxh6 Raf8+ 23. Kg1 Rxh6 24. Qxh6 Ne8 25. Qg5+ Nf6 26. Rf1 Qa5 27. Qe3 Qxa2 28.
Bd1 Qa6 29. Be2 b6 30. Nb3 Qb7 31. Nc1 Rf7 32. Nd3 a5 33. Qg5 Qc8 34. Nxe5 dxe5
35. Qxe5+ Kd8 36. Rxf6 Re7 37. Rf8+ Be8 38. Qd6+ Qd7 39. Qxb6+ 1-0

[Event "POLFINAL MISTRZOSTW POLSKI JUNIOROW 2019 - C15"]
[Site "Ustron"]
[Date "1899-12-30"]
[Round "5.18"]
[White "Kosior, Jan"]
[Black "Wolny, Dawid"]
[Result "1-0"]
[WhiteTitle "II"]
[BlackTitle "II"]
[WhiteElo "1565"]
[BlackElo "1343"]

1. e4 e6 2. d4 d5 3. Nc3 Nf6 4. e5 Nfd7 5. h4 c5 6. Nf3 Nc6 7. Ne2 cxd4 8. Nexd4
Ndxe5 9. Nxe5 Nxe5 10. Bf4 Ng6 11. Bg3 Bc5 12. h5 Ne7 13. Nb5 Bb6 14. Qg4 O-O
15. h6 g6 16. Bd6 a6 17. Bxe7 Qxe7 18. Nc3 Qc5 19. Qf4 f6 20. Be2 d4 21. Ne4 Qxc2
22. Nxf6+ Kh8 23. Qe5 Bc7 24. Qxd4 e5 25. Qb4 Rxf6 26. Qe7 Ba5+ 27. Kf1 Rxf2+
28. Kxf2 Qf5+ 29. Bf3 Bb6+ 30. Ke1 Ba5+ 31. b4 Bxb4+ 32. Qxb4 Be6 33. Qxb7 Rg8
34. Qe4 Qg5 35. Kf2 Rd8 36. Rad1 Rb8 37. Qe2 e4 38. Bxe4 Qf6+ 39. Bf3 Rb2 40.
Rd2 Rb5 41. Qd1 Rb2 42. Qe2 Rb5 43. Qe3 Rb2 44. Rxb2 Qxb2+ 45. Kg3 Qb8+ 46. Qf4
1-0